| 000 | 00823cam a22002773a 4500 | ||
|---|---|---|---|
| 001 | 30881 | ||
| 003 | PGUSA | ||
| 005 | 20140828083652.0 | ||
| 008 | 100107s2010||||xxu|||||s|||||000 1 eng d | ||
| 040 |
_aPGUSA _beng |
||
| 042 | _adc | ||
| 050 | 4 | _aPZ | |
| 100 | 1 |
_aWells, Carolyn, _d1862-1942 |
|
| 245 | 1 | 0 |
_aTwo Little Women _h[electronic resource] / _cCarolyn Wells |
| 260 |
_bProject Gutenberg, _c2010 |
||
| 506 | _aPublic domain in the USA. | ||
| 516 | _aElectronic text | ||
| 653 | _aVacations -- Juvenile fiction | ||
| 653 | _aBest friends -- Juvenile fiction | ||
| 653 | _aFamilies -- Juvenile fiction | ||
| 653 | _aNeighborliness -- Juvenile fiction | ||
| 700 | 1 |
_aCaswell, Edward C., _d1879-1963 |
|
| 830 | 0 |
_aProject Gutenberg _v30881 |
|
| 856 | 4 | 0 | _uhttp://www.gutenberg.org/ebooks/30881 |
| 942 | _cEB | ||
| 999 |
_c260136 _d260136 |
||